1966 1434 1041 1591 1118 1890 1061 1350 1558 1635 1409 1392 1088 1255 1930 1064 1689 1469 1987 1461 1347 1825 1129 1393 1101 1453 1335 1237 1986 1067 1095 1810 1630 1514 1339 1722 1326 1095 1721 1142 1516 1332 1440 1275 1060 1339 1473 1941 1428 1720 1430 1453 1988 1212 1036 1530 1950 1403 1430 1814 1020 1648 1302 1597 1043 1497 1758 1230 1498 1453 1797 1086 1845 1135 1168 1766 1102 1682 1001 1134 1595 1518 1581 1098 1190 1614 1535 1734 1191 1654 1818 1547 1834 1324 1507 1880 1089 1456 1145 BCNSPRNW ULIB Ver.6.0+V

เปลี่ยนเป็นภาษาไทย

Change to English
 แสดงรายละเอียดบรรณานุกรม
  กลับหน้าหลัก

Brief Record : Get Marc (ISO 2709) : E-mail record : QR code < ปิดหน้าต่าง
LEADER : 00000nam 2200000uu 4500
001    13399110942
003     ULIB
008    110613s||||||||th 000 0 tha d
020    9749183320
050  4 AC158^bจอ311ด 2004
100    อแมนดา โอนิลล์
245    เด็กๆรู้ไหมทำไมแมงมุมชักใย/ ^cผู้แต่ง อแมนดา โอนิลล์
260    กรุงเทพฯ : ^bโกรเลียร์ อินเตอร์เนชั่นแนล, ^c2004
300    32 หน้า : ^bภาพประกอบสี ; ^c28 ซม.
650  7 ความรู้รอบตัว
650  7 แมงมุม
945    ^p350^l0^i029018
995    ทศพร
999 ^a ใช้งานได้ทุกระบบ
รายการนี้ยังไม่มีแท็ก
คุณยังไม่ได้ล็อกอิน คุณสามารถมีกิจกรรมร่วมกับเว็บไซต์ได้ แต่ต้องล็อกอินก่อน ::
  ล็อกอิน

รายการสื่อสารสนเทศ

ลำดับที่ ประเภท เลขเรียก/บาร์โค้ด สถานที่ สถานะ
- ไม่พบข้อมูล -

รายการใกล้เคียง
    ผู้แต่ง [อแมนดา โอนิลล์]

    หัวเรื่อง [ความรู้รอบตัว]

BibComment


ยังไม่เคยถูกคอมเมนท์

คอมเมนท์ทรัพยากรรายการนี้
  คอมเมนท์: เด็กๆรู้ไหมทำไมแม..


 Copyright 2026. Bcnsprnw @Library